000 00571cam a22002291 4500
001 sa 65004903
003 DLC
005 20260227112134.0
008 890515s1964 ii 000 0 maro
010 _asa 65004903
035 _a(OCoLC)19707506
040 _aDLC
_cWaU
_dDLC
042 _apremarc
050 0 0 _aHQ470.M3
_bK37
100 1 _aKarve, Irawati Karmarkar,
_d1905-1970.
245 1 0 _aAślīlatā.
260 _c[1964]
300 _a4, 56 p.
_c22 cm.
500 _aIn Marathi.
650 0 _aErotic literature.
710 2 _aMumbai Marathi Sahitya Sangh.
999 _c64004
_d64004